| 000 | 01303nam0a22002771 4500 | ||
|---|---|---|---|
| 001 | rc\4052645 | ||
| 005 | 20260408020148.0 | ||
| 021 |
_aRU _b[52-32446] |
||
| 035 | _a(NLR Aleph) 008106740 | ||
| 090 |
_a9278389 _c9278389 |
||
| 100 | _a20130415d1952 |||y0rusy50 ca | ||
| 101 | 0 | _arus | |
| 102 | _aRU | ||
| 105 | _ay c ||||| | ||
| 200 | 1 |
_aИнструктивные указания по позднелетним посевам многолетних трав под озимые культуры на 1952 год _fВоронеж. обл. упр. сельского хозяйства. Упр. с.-х. пропаганды |
|
| 210 |
_aВоронеж _cБ. и. _d1952 |
||
| 215 |
_a6 с. _d20 |
||
| 300 | _aВ конце текста сост.: канд. с.-х. наук И.М. Каращук | ||
| 606 |
_aКормовые травы, многолетние _xПосев под озимые культуры _2psbo |
||
| 702 | 1 |
_aКаращук _bИ.М. _gИннокентий Михайлович _4220 |
|
| 712 | 0 | 2 |
_aВоронежское областное управление сельскохозяйственной пропаганды _3RU\NLR\AUTH\8810179509 _9855201 |
| 801 | 0 |
_aRU _bNLR _gpsbo |
|
| 801 | 1 |
_aRU _bELAR _2rusmarc |
|
| 852 |
_aNLR _jС50 Г-4/2572 |
||
| 942 | _cBOOK | ||
| 980 | _aNB | ||